| 000 | 01320nam a2200325 a 4500 | ||
|---|---|---|---|
| 001 | ebr10417673 | ||
| 003 | CaPaEBR | ||
| 006 | m u | ||
| 007 | cr cn||||||||| | ||
| 008 | 071017s2007 ii a sb 001 0 eng d | ||
| 010 | _z 2007340857 | ||
| 020 | _z9788189473006 | ||
| 025 | _aI-E-2007-340857; 52-13 | ||
| 037 |
_bLibrary of Congress -- New Delhi Overseas Office _cRs1500.00 |
||
| 035 | _a(OCoLC)648759831 | ||
| 040 |
_aCaPaEBR _cCaPaEBR |
||
| 050 | 1 | 4 |
_aSB998.N4 _bE26 2007eb |
| 245 | 0 | 0 |
_aEco-friendly management of phytonematodes _h[electronic resource] / _ceditors, Indra Rajvasnshi [sic], G.L. Sharma. |
| 260 |
_aJaipur : _bOxford Book Co., _c2007. |
||
| 300 |
_a295 p. : _bill. |
||
| 504 | _aIncludes bibliographical references and index. | ||
| 533 |
_aElectronic reproduction. _bPalo Alto, Calif. : _cebrary, _d2013. _nAvailable via World Wide Web. _nAccess may be limited to ebrary affiliated libraries. |
||
| 650 | 0 |
_aPlant nematodes _xBiological control. |
|
| 650 | 0 |
_aPlant parasites _xBiological control. |
|
| 655 | 7 |
_aElectronic books. _2local |
|
| 700 | 1 | _aRajvanshi, Indira. | |
| 700 | 1 |
_aSharma, G. L. _q(Girdhari Lal) |
|
| 710 | 2 | _aebrary, Inc. | |
| 856 | 4 | 0 |
_uhttp://site.ebrary.com/lib/rucke/Doc?id=10417673 _zAn electronic book accessible through the World Wide Web; click to view |
| 999 |
_c84704 _d84704 |
||